Revisiting demographic and Socioeconomic factors affecting fertility in Pakistan (Record no. 331583)
[ view plain ]
| 000 -LEADER | |
|---|---|
| fixed length control field | 00504nam a22001817a 4500 |
| 003 - CONTROL NUMBER IDENTIFIER | |
| control field | NUST |
| 005 - DATE AND TIME OF LATEST TRANSACTION | |
| control field | 20230225175355.0 |
| 008 - FIXED-LENGTH DATA ELEMENTS--GENERAL INFORMATION | |
| fixed length control field | 171004b xxu||||| |||| 00| 0 eng d |
| 038 ## - RECORD CONTENT LICENSOR | |
| Staff Name | Noman |
| 040 ## - CATALOGING SOURCE | |
| Transcribing agency | NUST |
| 082 ## - DEWEY DECIMAL CLASSIFICATION NUMBER | |
| Classification number | 330 |
| 100 ## - MAIN ENTRY--PERSONAL NAME | |
| Personal name | Sandhu,Anum Khalid |
| 9 (RLIN) | 5248 |
| 245 ## - TITLE STATEMENT | |
| Title | Revisiting demographic and Socioeconomic factors affecting fertility in Pakistan |
| 260 ## - PUBLICATION, DISTRIBUTION, ETC. | |
| Place of publication, distribution, etc. | Islamabad |
| Date of publication, distribution, etc. | 2014 |
| 300 ## - PHYSICAL DESCRIPTION | |
| Extent | 50p |
| 856 ## - ELECTRONIC LOCATION AND ACCESS | |
| Uniform Resource Identifier | <a href="http://10.250.8.41:8080/xmlui/handle/123456789/30188">http://10.250.8.41:8080/xmlui/handle/123456789/30188</a> |
| 942 ## - ADDED ENTRY ELEMENTS (KOHA) | |
| Source of classification or shelving scheme | |
| Koha item type | Thesis |
| Withdrawn status | Lost status | Source of classification or shelving scheme | Damaged status | Not for loan | Permanent Location | Current Location | Shelving location | Date acquired | Full call number | Barcode | Date last seen | Price effective from | Koha item type |
|---|---|---|---|---|---|---|---|---|---|---|---|---|---|
| Central Library (CL) | Central Library (CL) | Thesis | 02/12/2020 | 330 | CL-T-5045 | 02/12/2020 | 02/12/2020 | Thesis |
